000 00633nam a2200253Ia 4500
003 OSt
005 20221007101136.0
006 a|||||r|||| 00| 0
007 ta
008 221006b |||||||| |||| 00| 0 eng d
024 _a5,916
037 _cTextual
040 _aLCO
_cLCO
_beng
041 _2eng
_aeng
082 _aF56:(Z), L2
100 _aMEHRA M L
_9564904
245 0 _aThe Handbook of Drug Laws.
250 _a2
260 _aAllahabad
_bUniversity Book Agency
_c1972
300 _a525
650 _aDRUG LAW
_9702649
942 _hF56:(Z), L2
_cTEXL
999 _c1175479
_d1175479